Un villaggio straordinario : (Registro nro. 5082)

Detalles MARC
000 -CABECERA
campo de control de longitud fija 00729nam a22002297i 4500
001 - NÚMERO DE CONTROL
campo de control IT\ICCU\LO1\0747381
003 - IDENTIFICADOR DEL NÚMERO DE CONTROL
campo de control ItRI
005 - FECHA Y HORA DE LA ÚLTIMA TRANSACCIÓN
campo de control 20241122062748.0
008 - DATOS DE LONGITUD FIJA--INFORMACIÓN GENERAL
campo de control de longitud fija 030502s2002 it |||||| ||||| |||||c
040 ## - FUENTE DE LA CATALOGACIÓN
Centro/agencia transcriptor AR-RoIUNI
041 #7 - CÓDIGO DE LENGUA
Código de lengua del texto/banda sonora o título independiente ita
Fuente del código ISO-639-2
080 ## - NÚMERO DE LA CLASIFICACIÓN DECIMAL UNIVERSAL
Número de la Clasificación Decimal Universal 75
100 1# - ENTRADA PRINCIPAL--NOMBRE DE PERSONA
Nombre de persona Rossattini, Stefano
Número de control de registro de autoridad IT\ICCU\LO1V\255104
Código de función/relación aut
245 13 - MENCIÓN DE TÍTULO
Título Un villaggio straordinario :
Resto del título Villaggio Morelli, il più grande sanatorio d'Europa : idea e ideali fra medicina, storia e natura /
Mención de responsabilidad, etc. Stefano Rossattini.
260 ## - PUBLICACIÓN, DISTRIBUCIÓN, ETC. (PIE DE IMPRENTA)
Lugar de publicación, distribución, etc. [Bergamo! :
Nombre del editor, distribuidor, etc. Litostampa istituto grafico,
Fecha de publicación, distribución, etc. stampa 2002
300 ## - DESCRIPCIÓN FÍSICA
Extensión 255 p. :
Otras características físicas ill. ;
Dimensiones 31 cm.
650 #0 - PUNTO DE ACCESO ADICIONAL DE MATERIA--TÉRMINO DE MATERIA
Término de materia o nombre geográfico como elemento inicial Medicina
9 (RLIN) 58
650 ## - PUNTO DE ACCESO ADICIONAL DE MATERIA--TÉRMINO DE MATERIA
Término de materia o nombre geográfico como elemento inicial Italia
982 #1 - EQUIVALENCIA O REFERENCIA-CRUZADA-MENCIÓN DE SERIE--NOMBRE DE CONFERENCIA O REUNIÓN/CONGRESO/TÍTULO [LOCAL, CANADÁ]
Enlace z01
Nombre de congreso/reunión o jurisdicción como elemento de entrada n
942 ## - ELEMENTOS DE PUNTO DE ACCESO ADICIONAL (KOHA)
Fuente del sistema de clasificación o colocación Clasificación Decimal Universal
Tipo de ítem Koha Libros
981 #1 - EQUIVALENCIA O REFERENCIA-CRUZADA-MENCIÓN DE SERIE--NOMBRE DE ENTIDAD CORPORATIVA/TÍTULO [LOCAL, CANADÁ]
Enlace z01
Nombre de entidad corporativa o nombre de jurisdicción como elemento de entrada i
Unidad subordinada xxxe
Existencias
Estado de retiro Estado de pérdida Fuente del sistema de clasificación o colocación Estado dañado Excepción de préstamo Código de colección Localización permanente Ubicación/localización actual Ubicación en estantería Fecha de adquisición Número de inventario Total de préstamos Signatura topográfica completa Código de barras Fecha visto por última vez Precio válido a partir de Tipo de ítem Koha
    Clasificación Decimal Universal     General BIBLIOTECA CENTRAL BIBLIOTECA CENTRAL BIBLIOTECA CENTRAL 29/08/2019 6613   75 6613c 29/08/2019 29/08/2019 Libros